| 000 | 018800000a22002290004500 | ||
|---|---|---|---|
| 020 | _a968-16-1063-6 | ||
| 041 | 0 | _aSPA | |
| 082 | 0 | 4 | _aG 173 Z945p |
| 100 | 1 | _aZuk, Gerald H. | |
| 245 | 1 | 0 | _aPsicoterapia familiar : Un enfoque triádico / Gerald H. Zuk ; Carlos Valdés, Traductor |
| 250 | _a2 | ||
| 260 | _aMéxico D.F., México : Fondo de Cultura Económica | ||
| 300 | _a315 Pag. | ||
| 500 | _aTítulo original : Family therapy | ||
| 505 | 0 | 0 | _aperspectivas de la década de 1960 -- la terapia familiar basada tríadicamente(1969) -- la terapia familiar: 1964-1970 (1971) -- perspectivas de la década de 1970 -- la terapia familia: ¿una mezcolanza clínica o una ciencia clínica? (1976) -- las tres crisis en la terapia familiar (1979) -- teorías de la patología familiar: ¿a dónde se dirigen? (1979) -- la terapia familiar para la familia nuclear "truncada" (1980) -- la relación patógena -- sobre la patología d las estrategias de silenciamiento (1965) -- otro estudio sobre la risa en la terapia familiar (1964) -- el proceso de mediación -- el proceso de mediación en la terapia familiar (1966) -- la terapia familiar: formulación de una técnica y su teoría(1967) -- el estímulo para el cambio en la terapia familiar (1968) -- el compromiso y la disposición a la terapia que se relaciona con los valores familiares -- la participación de las familias en la terapia. Algunas observaciones sobre las familias norteamericanas (1971) -- los valores y la psicopatología en la terapia familiar (1979) -- una perspectiva del terapeuta sobre los valores de la familia judía -- el desarrollo de un caso -- la séptima entrevista con una familia de filadelfia (1971) |
| 650 | 1 | 4 | _aPSICOTERAPIA FAMILIAR |
| 001 | 1252 | ||
| 942 | _cBK | ||
| 999 |
_c32575 _d32575 |
||
| 336 |
_atexto _btxt _2rdacontent |
||
| 337 |
_2rdamedia _asin mediación _bn |
||
| 338 |
_2rdacarrier _avolumen _bnc |
||